000 00677nam a2200229 a 4500
001 38478
003 BD-RjUL
005 20211209052815.0
008 151215s2006 ii | b 001 0 eng
020 _a8181890612
_c: IRs.175.00
035 _a(BD-RjUL)38583
040 _aBD-RjUL
_cBD-RjUL
_dBD-RjUL
_beng
041 _aeng
082 _a635.03
_bSIT 2006
_223
100 1 _aSingh, Neeraj Pratap
_9239264
245 1 0 _aTerminology of horticulture /
_cNeeraj Pratap Singh
250 _a1st ed.
260 _aLucknow :
_bInternational Book Distributing Co.,
_c2006.
300 _av, 381 p. ;
_c14 cm.
650 _aHorticulture
_xDictionaries.
_9239265
942 _2ddc
_cREF
999 _c38478
_d38478